[Event "Santiago zt"]
[Site "Santiago"]
[Date "1989.??.??"]
[Round "3"]
[White "Morovic Fernandez, Ivan"]
[Black "Milos, Gilberto"]
[Result "0-1"]
[WhiteElo "2540"]
[BlackElo "2510"]
[PlyCount "58"]
[EventDate "1989.??.??"]
[EventType "tourn"]
[EventRounds "9"]
[EventCountry "CHI"]
[EventCategory "6"]
[Source "ChessBase"]
[SourceDate "1996.11.15"]

1. d4 Nf6 2. c4 c5 3. d5 b5 4. cxb5 a6 5. bxa6 Bxa6 6. Nc3 g6 7. e4 Bxf1 8.
Kxf1 d6 9. g3 Bg7 10. Kg2 O-O 11. Nf3 Nbd7 12. Re1 Qa5 13. h3 Rfb8 14. Re2 Ne8
15. Bg5 Ra7 16. Bxe7 Bxc3 17. bxc3 f6 18. Qc1 Nb6 19. Bxd6 Nxd6 20. e5 Re8 21.
Qe1 Rae7 22. e6 Nxd5 23. Rd1 c4 24. Red2 Rxe6 25. Qf1 Nxc3 26. Rxd6 Nxd1 27.
Qxc4 Qc3 28. Qd5 Ne3+ 29. fxe3 Qxe3 0-1

[Event "Bad Woerishofen op 8th"]
[Site "Bad Woerishofen"]
[Date "1992.??.??"]
[Round "8"]
[White "Haba, Petr"]
[Black "Mainka, Romuald"]
[Result "1/2-1/2"]
[WhiteElo "2515"]
[BlackElo "2455"]
[PlyCount "109"]
[EventDate "1992.03.??"]
[EventType "swiss"]
[EventRounds "9"]
[EventCountry "GER"]
[Source "ChessBase"]
[SourceDate "1996.11.15"]

1. d4 Nf6 2. c4 c5 3. d5 b5 4. cxb5 a6 5. bxa6 g6 6. Nc3 Bxa6 7. Nf3 d6 8. g3
Bg7 9. e4 Bxf1 10. Kxf1 O-O 11. Kg2 Nbd7 12. h3 Qb6 13. Re1 Qb7 14. Re2 Nb6 15.
Bg5 h6 16. Bxf6 Bxf6 17. Rc1 Bg7 18. Qd3 Qa6 19. Qxa6 Rxa6 20. a3 Rb8 21. Nd1
Na4 22. Rcc2 Rab6 23. Nd2 Nxb2 24. Nxb2 Rxb2 25. Nc4 Rb1 26. e5 Rd8 27. exd6
exd6 28. Ra2 Kf8 29. a4 Rb4 30. Rec2 Ra8 31. Nxd6 Ra6 32. Nb5 c4 33. Re2 Ra8
34. Nc7 Rd8 35. a5 Bd4 36. a6 Ba7 37. Ra5 Rd7 38. Re8+ Kg7 39. Rc8 Kf6 40. Rb5
Ra4 41. Rb7 Rxa6 42. Ra8 c3 43. Raxa7 Rxa7 44. Rxa7 Ke5 45. d6 c2 46. Ra1 Kd4
47. Nb5+ Kc4 48. Na3+ Kb3 49. Nxc2 Kxc2 50. Ra6 Kd3 51. Rc6 f5 52. Kf3 Kd4 53.
Kf4 Kd5 54. Rc8 Ke6 55. h4 1/2-1/2

[Event "Troll Masters"]
[Site "Gausdal"]
[Date "1993.??.??"]
[Round "8"]
[White "Skembris, Spyridon"]
[Black "Djurhuus, Rune"]
[Result "1-0"]
[WhiteElo "2560"]
[BlackElo "2485"]
[PlyCount "79"]
[EventDate "1993.01.??"]
[EventType "swiss"]
[EventRounds "9"]
[EventCountry "NOR"]
[Source "ChessBase"]
[SourceDate "1996.11.15"]

1. d4 Nf6 2. c4 c5 3. d5 b5 4. cxb5 a6 5. bxa6 g6 6. Nc3 Bxa6 7. e4 Bxf1 8.
Kxf1 d6 9. g3 Bg7 10. Kg2 Nbd7 11. Nf3 O-O 12. h3 Qb6 13. Re1 Rfb8 14. Re2 Ne8
15. Bf4 Nc7 16. Rc1 Qa5 17. Rcc2 Na6 18. e5 dxe5 19. Nxe5 Nxe5 20. Bxe5 Rb7 21.
Bxg7 Kxg7 22. a3 Rd7 23. Qd3 Rad8 24. Qf3 Nc7 25. Ne4 Na6 26. Nxc5 Nxc5 27. b4
Qa8 28. Rxc5 Kf8 29. Re5 Ra7 30. Re3 Rad7 31. Qe4 Ra7 32. h4 h5 33. Rc6 Rad7
34. Rf3 Kg7 35. b5 Qb7 36. b6 Ra8 37. Rc7 Rxc7 38. bxc7 Rc8 39. Qxe7 Qxd5 40.
a4 1-0

[Event "Keres mem"]
[Site "Rakvere"]
[Date "1993.??.??"]
[Round "7"]
[White "Ehlvest, Jaan"]
[Black "Hodgson, Julian M"]
[Result "1/2-1/2"]
[WhiteElo "2620"]
[BlackElo "2625"]
[PlyCount "61"]
[EventDate "1993.09.??"]
[EventType "tourn"]
[EventRounds "10"]
[EventCountry "EST"]
[EventCategory "15"]
[Source "ChessBase"]
[SourceDate "1996.11.15"]

1. d4 Nf6 2. Nf3 c5 3. d5 g6 4. c4 b5 5. cxb5 a6 6. bxa6 Bg7 7. Nc3 Bxa6 8. e4
Bxf1 9. Kxf1 d6 10. g3 Nbd7 11. h3 O-O 12. Kg2 Qb8 13. Re1 Ne8 14. Qe2 Nc7 15.
Bf4 Qb7 16. Rad1 Rfb8 17. e5 Qxb2 18. exd6 exd6 19. Ne4 Qxe2 20. Rxe2 Re8 21.
Ree1 f5 22. Nxd6 Rxe1 23. Nxe1 Nf6 24. Nxf5 Ncxd5 25. Nxg7 Nxf4+ 26. gxf4 Kxg7
27. Rc1 Rxa2 28. Rxc5 Rxf2+ 29. Kxf2 Ne4+ 30. Ke3 Nxc5 31. Nf3 1/2-1/2

[Event "New York op"]
[Site "New York"]
[Date "1990.??.??"]
[Round "8"]
[White "Tukmakov, Vladimir B"]
[Black "Fishbein, Alexander"]
[Result "1-0"]
[WhiteElo "2570"]
[BlackElo "2470"]
[PlyCount "78"]
[EventDate "1990.04.??"]
[EventType "swiss"]
[EventRounds "9"]
[EventCountry "USA"]
[Source "ChessBase"]
[SourceDate "1996.11.15"]

1. d4 Nf6 2. c4 c5 3. d5 b5 4. cxb5 a6 5. bxa6 g6 6. Nc3 Bxa6 7. Nf3 d6 8. e4
Bxf1 9. Kxf1 Bg7 10. g3 O-O 11. Kg2 Nbd7 12. h3 Ra7 13. Rb1 Qa8 14. a3 Nb6 15.
Re1 Nfd7 16. Qc2 Ne5 17. Nxe5 Bxe5 18. b3 f5 19. Nb5 Rd7 20. Bh6 Rf7 21. Rbd1
Qa6 22. a4 Qa8 23. f4 Bh8 24. Kh2 fxe4 25. Qxe4 c4 26. bxc4 Qxa4 27. Rb1 Rd8
28. Nxd6 exd6 29. Rxb6 Qd7 30. Qe6 Bg7 31. Bg5 Ra8 32. Rxd6 Qa7 33. Re2 Bf8 34.
Rd8 Rxd8 35. Bxd8 Qd4 36. Qe4 Qd1 37. Qc2 Qf1 38. Bb6 Bd6 39. Rf2 Qe1 1-0

[Event "EU-chT (Men)"]
[Site "Debrecen"]
[Date "1992.??.??"]
[Round "7"]
[White "Ionescu, Constantin"]
[Black "Cramling, Pia"]
[Result "1/2-1/2"]
[WhiteElo "2465"]
[BlackElo "2530"]
[PlyCount "100"]
[EventDate "1992.11.??"]
[EventType "team"]
[EventRounds "9"]
[EventCountry "HUN"]
[Source "ChessBase"]
[SourceDate "1996.11.15"]

1. d4 Nf6 2. c4 c5 3. d5 b5 4. cxb5 a6 5. bxa6 g6 6. Nc3 Bxa6 7. e4 Bxf1 8.
Kxf1 d6 9. g3 Bg7 10. Kg2 O-O 11. Nf3 Nbd7 12. h3 Ra7 13. Re1 Qa8 14. Re2 Nb6
15. Qc2 Na4 16. Nd1 e6 17. dxe6 fxe6 18. Ng5 Re8 19. Rb1 h6 20. Nf3 Rf7 21. b3
Nb6 22. Nc3 Qc6 23. Bf4 Nh5 24. Bd2 g5 25. Nh2 Ref8 26. Be1 d5 27. Rc1 Rc8 28.
Ng4 Nd7 29. Kg1 Nhf6 30. exd5 exd5 31. Qg6 Nxg4 32. Qxc6 Rxc6 33. hxg4 Nf6 34.
Kg2 c4 35. Rd1 Rd7 36. bxc4 Rxc4 37. f3 d4 38. Nb1 Nd5 39. Bf2 Rb7 40. Na3 Ra4
41. Rb1 Rba7 42. Rb8+ Kh7 43. Nb5 Rxa2 44. Nxa7 Rxe2 45. Rd8 Ne3+ 46. Kg1 Rc2
47. Nb5 Rc1+ 48. Kh2 Rc2 49. Kg1 Rc1+ 50. Kh2 Rc2 1/2-1/2

[Event "Stara Zagora zt-B"]
[Site "Stara Zagora"]
[Date "1990.??.??"]
[Round "1"]
[White "Marin, Mihail"]
[Black "Sznapik, Aleksander"]
[Result "1/2-1/2"]
[WhiteElo "2485"]
[BlackElo "2485"]
[PlyCount "87"]
[EventDate "1990.02.??"]
[EventType "tourn"]
[EventRounds "13"]
[EventCountry "BUL"]
[EventCategory "10"]
[Source "ChessBase"]
[SourceDate "1996.11.15"]

1. d4 Nf6 2. c4 c5 3. d5 b5 4. cxb5 a6 5. bxa6 Bxa6 6. Nc3 g6 7. e4 Bxf1 8.
Kxf1 d6 9. g3 Bg7 10. Kg2 O-O 11. Nf3 Nbd7 12. Re1 Ng4 13. Re2 Qb6 14. Rc2 Qa6
15. Ne1 Nge5 16. f4 Nc4 17. Qe2 Rfb8 18. Nd3 Bd4 19. Nf2 Nxb2 20. Qxa6 Rxa6 21.
Rxb2 Bxc3 22. Rxb8+ Nxb8 23. Rb1 Nd7 24. Rb7 Nf6 25. a3 Bd4 26. Rxe7 Bxf2 27.
Kxf2 Kf8 28. Rb7 Nxe4+ 29. Kf3 Nf6 30. Rb8+ Ke7 31. Rb7+ Nd7 32. f5 Kd8 33. Bb2
Rb6 34. Bf6+ Kc8 35. Rxb6 Nxb6 36. fxg6 fxg6 37. Ke4 Kb7 38. g4 Ka6 39. Be7 Nc8
40. Bf8 Kb5 41. Kd3 Ka4 42. Kc4 Nb6+ 43. Kd3 Nc8 44. Kc4 1/2-1/2

[Event "SUI Grand Prix"]
[Site "Switzerland"]
[Date "1990.??.??"]
[Round "8"]
[White "Huss, Andreas"]
[Black "Vaisser, Anatoli"]
[Result "1-0"]
[WhiteElo "2345"]
[BlackElo "2540"]
[PlyCount "87"]
[EventDate "1990.??.??"]
[EventType "tourn"]
[EventRounds "9"]
[EventCountry "SUI"]
[EventCategory "9"]
[Source "ChessBase"]
[SourceDate "1996.11.15"]

1. d4 Nf6 2. Nf3 c5 3. d5 g6 4. c4 b5 5. cxb5 a6 6. bxa6 Bxa6 7. Nc3 Bg7 8. e4
Bxf1 9. Kxf1 d6 10. g3 Nbd7 11. Kg2 O-O 12. Re1 Ng4 13. Nd2 Nge5 14. Qe2 Nb6
15. f4 Ned7 16. a4 Ra7 17. a5 Na8 18. Nc4 Nc7 19. e5 Qa8 20. Qf3 Ra6 21. Ra3 e6
22. exd6 Nxd5 23. Rd1 N7f6 24. Rb3 Qc6 25. Rb6 Qa8 26. Rb5 Qa7 27. Be3 Nxc3 28.
bxc3 Nd5 29. Bxc5 Qd7 30. Rdb1 Nxc3 31. Rb7 Qa4 32. d7 Qc2+ 33. Kh1 Nxb1 34.
Bxf8 Ra8 35. Bxg7 Kxg7 36. Ne5 Qc1+ 37. Kg2 Qd2+ 38. Kh3 Rxa5 39. d8=Q Qxd8 40.
Rxf7+ Kg8 41. Qb7 Qe8 42. Rg7+ Kf8 43. Rf7+ Kg8 44. Rg7+ 1-0

[Event "New York op"]
[Site "New York"]
[Date "1989.??.??"]
[Round "7"]
[White "Seirawan, Yasser"]
[Black "Alburt, Lev O"]
[Result "0-1"]
[WhiteElo "2610"]
[BlackElo "2520"]
[PlyCount "72"]
[EventDate "1989.03.??"]
[EventType "swiss"]
[EventRounds "9"]
[EventCountry "USA"]
[Source "ChessBase"]
[SourceDate "1996.11.15"]

1. d4 Nf6 2. c4 c5 3. d5 b5 4. cxb5 a6 5. bxa6 g6 6. Nc3 Bxa6 7. e4 Bxf1 8.
Kxf1 d6 9. g4 Nbd7 10. Kg2 Qb6 11. g5 Nh5 12. Nge2 h6 13. h4 Bg7 14. Rb1 Ne5
15. b3 O-O 16. gxh6 Bh8 17. Ng3 Nxg3 18. fxg3 Qb4 19. Bb2 c4 20. Ba1 Rfc8 21.
Rf1 Bf6 22. h5 g5 23. Rxf6 exf6 24. Qf1 Nd7 25. Qf5 Ra7 26. Kh3 cxb3 27. Nb5
Rxa2 28. h7+ Kg7 29. h6+ Kxh6 30. Bxf6 g4+ 31. Qxg4 Nxf6 32. Qf4+ Kg7 33. Qg5+
Kxh7 34. Qxf6 Qxe4 35. Nxd6 Qg2+ 36. Kg4 Ra4+ 0-1

[Event "New York op"]
[Site "New York"]
[Date "1987.??.??"]
[Round "?"]
[White "Seirawan, Yasser"]
[Black "Gurevich, Dmitry"]
[Result "1-0"]
[WhiteElo "2595"]
[BlackElo "2535"]
[PlyCount "80"]
[EventDate "1987.04.??"]
[EventType "swiss"]
[EventRounds "11"]
[EventCountry "USA"]
[Source "ChessBase"]
[SourceDate "1996.11.15"]

1. d4 Nf6 2. c4 c5 3. d5 b5 4. cxb5 a6 5. bxa6 Bxa6 6. Nc3 d6 7. e4 Bxf1 8.
Kxf1 g6 9. g4 Qc8 10. h3 Bg7 11. Kg2 O-O 12. Nge2 Na6 13. Be3 Qb7 14. Qd2 Nc7
15. f3 Rfb8 16. b3 Nb5 17. Rac1 Nd7 18. Nxb5 Qxb5 19. Rc2 Ne5 20. Nc1 Qa6 21.
Rf1 Rb4 22. Rf2 Rab8 23. Qe2 Qxe2 24. Rfxe2 h6 25. f4 Nd7 26. Kf3 R4b7 27. Nd3
Rf8 28. Bd2 f5 29. exf5 gxf5 30. Rxe7 fxg4+ 31. hxg4 Rf7 32. Re6 Bf8 33. f5 h5
34. Bg5 hxg4+ 35. Kxg4 Rg7 36. Rh2 Rb5 37. f6 Rf7 38. Kf5 Nb6 39. Nf4 c4 40.
bxc4 Nxc4 1-0

[Event "CSR-chT"]
[Site "Czechoslovakia"]
[Date "1992.??.??"]
[Round "?"]
[White "Zvolanek, Libor"]
[Black "Kantorik, Marian"]
[Result "1-0"]
[WhiteElo "2340"]
[BlackElo "2360"]
[PlyCount "55"]
[EventDate "1992.??.??"]
[EventType "team"]
[EventRounds "13"]
[EventCountry "CSR"]
[Source "ChessBase"]
[SourceDate "1996.11.15"]

1. d4 Nf6 2. c4 c5 3. d5 b5 4. cxb5 a6 5. bxa6 Bxa6 6. Nc3 g6 7. e4 Bxf1 8.
Kxf1 d6 9. g4 Bg7 10. g5 Nfd7 11. Kg2 Qa5 12. Nge2 Na6 13. a3 O-O 14. h4 c4 15.
Nd4 Ne5 16. h5 Nc5 17. Qg1 Ned3 18. Nc6 Qc7 19. Qh2 Rfe8 20. hxg6 hxg6 21. Be3
Nb3 22. Rab1 Kf8 23. Qg3 Qd7 24. Rh7 e6 25. Qh3 Qxc6 26. dxc6 Be5 27. Qf3 Re7
28. Rbh1 1-0

[Event "London WFW"]
[Site "London"]
[Date "1991.??.??"]
[Round "?"]
[White "Suba, Mihai"]
[Black "Conquest, Stuart"]
[Result "1-0"]
[WhiteElo "2540"]
[BlackElo "2460"]
[PlyCount "81"]
[EventDate "1991.05.??"]
[EventType "tourn"]
[EventRounds "13"]
[EventCountry "ENG"]
[EventCategory "11"]
[Source "ChessBase"]
[SourceDate "1996.11.15"]

1. d4 Nf6 2. c4 c5 3. d5 b5 4. cxb5 a6 5. bxa6 g6 6. Nc3 Bxa6 7. e4 Bxf1 8.
Kxf1 d6 9. g4 Bg7 10. Kg2 Na6 11. g5 Nd7 12. h4 Nb4 13. h5 c4 14. h6 Bxc3 15.
bxc3 Nd3 16. Be3 O-O 17. Nf3 e6 18. Ne1 N7e5 19. Nxd3 Nxd3 20. Qg4 Re8 21. Rhb1
Qa5 22. Rb7 Qxc3 23. Rab1 exd5 24. Qd7 Rf8 25. Qxd6 Rad8 26. Qc7 Rc8 27. Qg3
dxe4 28. R1b5 Ne1+ 29. Kf1 Nf3 30. Rb1 Qd3+ 31. Kg2 c3 32. Qf4 c2 33. Rc1 Qd5
34. Rb4 Rfe8 35. Qf6 Nh4+ 36. Kh3 Nf5 37. Bd4 Qxd4 38. Rxd4 Rc3+ 39. Kg2 Rd3
40. Rc4 e3 41. R1xc2 1-0

[Event "ESP-chT"]
[Site "Spain"]
[Date "1993.??.??"]
[Round "?"]
[White "Suba, Mihai"]
[Black "Hodgson, Julian M"]
[Result "1/2-1/2"]
[WhiteElo "2500"]
[BlackElo "2625"]
[PlyCount "85"]
[EventDate "1993.??.??"]
[EventType "team"]
[EventRounds "9"]
[EventCountry "ESP"]
[Source "ChessBase"]
[SourceDate "1996.11.15"]

1. d4 Nf6 2. c4 c5 3. d5 b5 4. cxb5 a6 5. bxa6 g6 6. Nc3 Bxa6 7. e4 Bxf1 8.
Kxf1 d6 9. g4 Bg7 10. Kg2 Qc8 11. g5 Nh5 12. Nge2 h6 13. h4 hxg5 14. hxg5 Qg4+
15. Ng3 Qxd1 16. Nxd1 Nxg3 17. Rxh8+ Bxh8 18. Kxg3 Na6 19. Bd2 Nb4 20. a3 Nc2
21. Rc1 Nd4 22. Rc4 Kd7 23. Kg2 Bg7 24. Ne3 Ne2 25. Nd1 Be5 26. Kf1 Nf4 27. Bc3
Rh8 28. Ke1 Bxc3+ 29. Rxc3 Nh3 30. Rg3 Rh5 31. f3 Nxg5 32. Nf2 f5 33. Ke2 fxe4
34. fxe4 e6 35. dxe6+ Nxe6 36. Ke3 g5 37. Rh3 Rxh3+ 38. Nxh3 Kc6 39. Nf2 Kb5
40. Kd3 Nf4+ 41. Kc3 Ne2+ 42. Kd3 Nf4+ 43. Kc3 1/2-1/2

[Event "OHRA-B"]
[Site "Amsterdam"]
[Date "1988.??.??"]
[Round "?"]
[White "Gulko, Boris F"]
[Black "Andruet, Gilles"]
[Result "1-0"]
[WhiteElo "2590"]
[BlackElo "2450"]
[PlyCount "87"]
[EventDate "1988.07.??"]
[EventType "swiss"]
[EventRounds "9"]
[EventCountry "NED"]
[Source "ChessBase"]
[SourceDate "1996.11.15"]

1. d4 Nf6 2. c4 c5 3. d5 b5 4. cxb5 a6 5. bxa6 g6 6. Nc3 Bxa6 7. e4 Bxf1 8.
Kxf1 d6 9. g4 Bg7 10. Kg2 O-O 11. g5 Nh5 12. Nge2 f5 13. gxf6 exf6 14. Ng3 Nxg3
15. hxg3 Nd7 16. Bh6 Bxh6 17. Rxh6 Qb6 18. Qg4 Rf7 19. Rah1 Nf8 20. Qe2 Rb7 21.
Qf3 Kg7 22. b3 Qa5 23. Ne2 Qxa2 24. Nf4 Qb2 25. Qg4 Qe5 26. Ne6+ Kg8 27. R1h5
g5 28. Qf3 Rf7 29. Qe3 Nxe6 30. dxe6 Re7 31. Qf3 Rf8 32. Qf5 Qxe6 33. Rxg5+
fxg5 34. Qxe6+ Rxe6 35. Rxe6 Rd8 36. Re7 Rb8 37. Rd7 Rb6 38. f4 g4 39. Kf2 h5
40. f5 Kf8 41. f6 Kg8 42. Ke3 Rxb3+ 43. Kf4 h4 44. Kg5 1-0

[Event "URS-ch otbor56"]
[Site "Uzhgorod"]
[Date "1988.??.??"]
[Round "?"]
[White "Savon, Vladimir A"]
[Black "Vaisser, Anatoli"]
[Result "0-1"]
[WhiteElo "2430"]
[BlackElo "2530"]
[PlyCount "62"]
[EventDate "1988.??.??"]
[EventType "swiss"]
[EventRounds "11"]
[EventCountry "URS"]
[Source "ChessBase"]
[SourceDate "1996.11.15"]

1. d4 Nf6 2. c4 c5 3. d5 b5 4. cxb5 a6 5. bxa6 g6 6. Nc3 Bxa6 7. e4 Bxf1 8.
Kxf1 d6 9. f3 Bg7 10. Nge2 O-O 11. g4 Na6 12. Kg2 Nb4 13. a3 c4 14. Bh6 Bxh6
15. axb4 Qb6 16. b5 Rxa1 17. Qxa1 Nd7 18. Rf1 Nc5 19. Nd4 Nxe4 20. Nf5 gxf5 21.
fxe4 fxe4 22. Qe1 Qd4 23. Qh4 Bg7 24. Qxe7 e3 25. Rf3 Qd2+ 26. Kh3 Be5 27. Qg5+
Kh8 28. Rg3 Qf2 29. Ne4 Qf1+ 30. Rg2 e2 31. Qh6 Bg7 0-1

[Event "Malmo"]
[Site "Malmo"]
[Date "1987.??.??"]
[Round "?"]
[White "Garcia Palermo, Carlos H"]
[Black "Ernst, Thomas"]
[Result "1-0"]
[WhiteElo "2520"]
[BlackElo "2455"]
[PlyCount "65"]
[EventDate "1987.12.??"]
[EventType "tourn"]
[EventRounds "9"]
[EventCountry "SWE"]
[EventCategory "11"]
[Source "ChessBase"]
[SourceDate "1996.11.15"]

1. d4 Nf6 2. c4 c5 3. d5 b5 4. cxb5 a6 5. bxa6 g6 6. Nc3 Bxa6 7. e4 Bxf1 8.
Kxf1 d6 9. Nge2 Bg7 10. f3 O-O 11. g4 Na6 12. Kg2 Qa5 13. Bg5 Rfb8 14. Rb1 Rb7
15. Qd2 Rab8 16. Rhc1 Nb4 17. a3 Na6 18. b4 cxb4 19. axb4 Nxb4 20. Nd4 Rc7 21.
Ncb5 Rxc1 22. Rxc1 Qa2 23. Qxa2 Nxa2 24. Rc7 h6 25. Bd2 Nh7 26. Kf1 Ng5 27. Ke2
e5 28. dxe6 Nxe6 29. Nxe6 Rxb5 30. Nxg7 Kxg7 31. Rc2 Nb4 32. Rb2 Nc6 33. Bc3+
1-0

[Event "Moscow-ch"]
[Site "Moscow"]
[Date "1982.??.??"]
[Round "1"]
[White "Andrianov, Nikolai"]
[Black "Vasiukov, Evgeni"]
[Result "0-1"]
[WhiteElo "2435"]
[BlackElo "2495"]
[PlyCount "88"]
[EventDate "1982.02.??"]
[EventType "tourn"]
[EventRounds "17"]
[EventCountry "URS"]
[EventCategory "8"]
[Source "ChessBase"]
[SourceDate "1996.11.15"]

1. d4 Nf6 2. c4 c5 3. d5 b5 4. cxb5 a6 5. bxa6 Bxa6 6. Nc3 d6 7. Nf3 g6 8. e4
Bxf1 9. Kxf1 Bg7 10. h3 O-O 11. Kg1 Nbd7 12. Kh2 Qa5 13. Re1 Rfb8 14. Re2 Rb4
15. Kg1 Ne8 16. Rc2 Qa6 17. Bd2 Nb6 18. Rb1 Nc4 19. Be1 Qb7 20. Qc1 Ne5 21.
Nxe5 Bxe5 22. Re2 Nf6 23. Qc2 Qa6 24. b3 c4 25. Nd1 cxb3 26. axb3 Rc8 27. Qxc8+
Qxc8 28. Bxb4 Qa6 29. Re1 Qd3 30. Ne3 Nxe4 31. Ng4 Bf4 32. Rbd1 Qc2 33. Rd4 f5
34. Rdxe4 fxe4 35. g3 Bg5 36. h4 Bc1 37. Ba5 Bb2 38. Bd8 Kf7 39. b4 Bc3 40. Ne3
Qb2 41. Rd1 Qxb4 42. Rc1 Bd2 43. Rc8 Bxe3 44. fxe3 Qe1+ 0-1

[Event "Cappelle op 7th"]
[Site "Cappelle la Grande"]
[Date "1991.??.??"]
[Round "2"]
[White "Dumitrache, Dragos"]
[Black "Gomez, A."]
[Result "1-0"]
[WhiteElo "2395"]
[BlackElo "2310"]
[PlyCount "82"]
[EventDate "1991.02.??"]
[EventType "swiss"]
[EventRounds "9"]
[EventCountry "FRA"]
[Source "ChessBase"]
[SourceDate "1996.11.15"]

1. d4 Nf6 2. c4 c5 3. d5 b5 4. cxb5 a6 5. bxa6 g6 6. Nc3 Bxa6 7. e4 Bxf1 8.
Kxf1 d6 9. Nf3 Nbd7 10. h3 Bg7 11. Kg1 O-O 12. Kh2 Qa5 13. Re1 Rfb8 14. Qc2 Rb7
15. Bd2 Qa6 16. Kg1 Ne8 17. Nd1 c4 18. Be3 Rab8 19. Bd4 Nc5 20. Bxc5 dxc5 21.
Rc1 Bxb2 22. Qxc4 Qxc4 23. Rxc4 Ba3 24. Ra4 Bc1 25. Ne5 Bd2 26. Re2 Bf4 27. Nd3
Rb1 28. Nxf4 Rxd1+ 29. Kh2 Nd6 30. Rc2 Rbb1 31. f3 c4 32. Ne2 f5 33. Nc3 Rh1+
34. Kg3 Rbf1 35. e5 g5 36. exd6 h5 37. Rxc4 e5 38. dxe6 f4+ 39. Rxf4 gxf4+ 40.
Kxf4 Rd1 41. Nxd1 Rxd1 1-0

[Event "Lublin Festival 8th"]
[Site "Lublin"]
[Date "1972.07.18"]
[Round "12"]
[White "Pytel, Krzysztof"]
[Black "Peev, Peicho Chonev"]
[Result "0-1"]
[WhiteElo "2380"]
[BlackElo "2425"]
[PlyCount "126"]
[EventDate "1972.07.06"]
[EventType "tourn"]
[EventRounds "15"]
[EventCountry "POL"]
[EventCategory "6"]
[Source "ChessBase"]
[SourceDate "1996.11.15"]

1. d4 Nf6 2. c4 c5 3. d5 b5 4. cxb5 a6 5. bxa6 Bxa6 6. Nc3 d6 7. e4 Bxf1 8.
Kxf1 g6 9. Nf3 Nbd7 10. h3 Bg7 11. Kg1 O-O 12. Kh2 Qa5 13. Re1 Rfb8 14. Qc2 Ne8
15. Bd2 Qa6 16. a4 Rb4 17. a5 Rab8 18. Nd1 R4b7 19. Rb1 Nc7 20. b3 Nb5 21. Qc4
Nc7 22. Ne3 Qxc4 23. Nxc4 Rxb3 24. Rxb3 Rxb3 25. Bg5 Kf8 26. Nfd2 Rb4 27. Rb1
Bd4 28. Kg1 f5 29. Nb6 Ke8 30. exf5 gxf5 31. Kf1 Kd8 32. Rxb4 cxb4 33. Nbc4 Bf6
34. Bxf6 Nxf6 35. Nb3 Nfxd5 36. Nd4 f4 37. Ke2 Kd7 38. Kd3 Na6 39. Ke4 e6 40.
Nb5 Nc5+ 41. Kd4 b3 42. Nba3 Kc6 43. Nd2 e5+ 44. Kc4 b2 45. g4 e4 46. g5 Ne3+
47. fxe3 fxe3 48. Ndb1 d5+ 49. Kc3 Ne6 50. Kxb2 e2 51. Nc2 d4 52. h4 d3 53. Ne1
Nd4 54. h5 Nf3 55. g6 hxg6 56. hxg6 d2 57. Nxd2 Nxe1 58. g7 Nd3+ 59. Kc3 e1=Q
60. g8=Q Qa1+ 61. Kc4 Qa4+ 62. Kc3 Qb4+ 63. Kc2 Qb2+ 0-1

[Event "Reggio Emilia-B 9192"]
[Site "Reggio Emilia"]
[Date "1992.??.??"]
[Round "11"]
[White "Arlandi, Ennio"]
[Black "Borgo, Giulio"]
[Result "1/2-1/2"]
[WhiteElo "2420"]
[BlackElo "2340"]
[PlyCount "142"]
[EventDate "1991.12.??"]
[EventType "tourn"]
[EventRounds "11"]
[EventCountry "ITA"]
[EventCategory "8"]
[Source "ChessBase"]
[SourceDate "1996.11.15"]

1. d4 Nf6 2. c4 c5 3. d5 b5 4. cxb5 a6 5. bxa6 g6 6. Nc3 Bxa6 7. Nf3 d6 8. e4
Bxf1 9. Kxf1 Bg7 10. h3 O-O 11. Kg1 Nbd7 12. Kh2 Qa5 13. Re1 Rfb8 14. Qc2 Nb6
15. Nd1 Qa6 16. Bd2 Rb7 17. a3 Nc4 18. Bc3 Qa4 19. Rc1 Bh6 20. Qxa4 Rxa4 21.
Rc2 Nd7 22. Nd2 Nxd2 23. Bxd2 Bxd2 24. Rxd2 g5 25. f3 Ne5 26. Ree2 Kg7 27. Ne3
Ng6 28. Kg1 h5 29. Rc2 Rb3 30. Nf5+ Kf6 31. Re3 Rb7 32. Kf1 h4 33. Ke1 Ke5 34.
Rd3 Nf4 35. Rdd2 Ng6 36. Nh6 Kf6 37. Ng4+ Kg7 38. Rc3 Nf4 39. Ne3 Kf6 40. Nc4
Ng6 41. Kd1 Ne5 42. Ne3 Rb8 43. Kc2 Rd4 44. b3 Ra8 45. a4 Rb4 46. Rf2 c4 47.
Nxc4 Nxc4 48. Rxc4 Rxc4+ 49. bxc4 Rxa4 50. Kb3 Ra1 51. f4 Re1 52. fxg5+ Kg6 53.
Rf4 Kxg5 54. Rg4+ Kh5 55. Kb4 Rb1+ 56. Ka4 Rb2 57. g3 hxg3 58. Rxg3 Kh4 59. Rg7
Rf2 60. Rh7+ Kg5 61. Kb5 Kf6 62. Rh4 Ke5 63. Kc6 Rc2 64. Kd7 Rxc4 65. Rh5+ Kxe4
66. Kxe7 f5 67. Kxd6 Rd4 68. Ke6 Rxd5 69. Rh4+ f4 70. Rxf4+ Kxf4 71. Kxd5 Kg3
1/2-1/2

[Event "ESP-chT"]
[Site "Spain"]
[Date "1993.??.??"]
[Round "?"]
[White "Bernal Moro, Luis Javier"]
[Black "Cramling, Pia"]
[Result "0-1"]
[WhiteElo "2385"]
[BlackElo "2525"]
[PlyCount "78"]
[EventDate "1993.??.??"]
[EventType "team"]
[EventRounds "9"]
[EventCountry "ESP"]
[Source "ChessBase"]
[SourceDate "1996.11.15"]

1. d4 Nf6 2. c4 c5 3. d5 b5 4. cxb5 a6 5. bxa6 g6 6. Nc3 Bxa6 7. Nf3 d6 8. e4
Bxf1 9. Kxf1 Bg7 10. h3 O-O 11. Kg1 Qb6 12. Kh2 Na6 13. Re1 Nd7 14. Re2 Ne5 15.
Nxe5 Bxe5+ 16. Kg1 Nb4 17. Be3 Qa6 18. Rd2 Rfb8 19. Rc1 c4 20. b3 Nd3 21. Rcc2
Nb4 22. Rc1 Nd3 23. Rcc2 cxb3 24. axb3 Nb2 25. Qc1 Rxb3 26. f4 Bg7 27. Kh2 Nd3
28. Qd1 Nb4 29. Ra2 Nxa2 30. Rxa2 Ra3 31. Rxa3 Qxa3 32. Bd4 Qa1 33. e5 Qxd1 34.
Nxd1 Ra4 35. exd6 Bxd4 36. dxe7 Ra8 37. d6 Bc5 38. Nc3 Bxd6 39. Nd5 Kg7 0-1

[Event "Marbella zt-B"]
[Site "Marbella"]
[Date "1982.??.??"]
[Round "3"]
[White "Donner, Jan Hein"]
[Black "Hebden, Mark"]
[Result "1/2-1/2"]
[WhiteElo "2460"]
[BlackElo "2400"]
[PlyCount "96"]
[EventDate "1982.02.??"]
[EventType "tourn"]
[EventRounds "11"]
[EventCountry "ESP"]
[EventCategory "6"]
[Source "ChessBase"]
[SourceDate "1996.11.15"]

1. d4 Nf6 2. c4 c5 3. d5 b5 4. cxb5 a6 5. bxa6 Bxa6 6. Nc3 d6 7. Nf3 g6 8. Nd2
Qa5 9. g3 Bg7 10. e4 Bxf1 11. Kxf1 Nbd7 12. Nc4 Qa6 13. Qe2 O-O 14. Bg5 Rfb8
15. Rc1 h6 16. Bd2 Nb6 17. Nxb6 Rxb6 18. Qxa6 Raxa6 19. b3 Nd7 20. Na4 Rb7 21.
Ke2 Nb6 22. Nxb6 Rbxb6 23. Rc2 Ra3 24. Bc1 Ra7 25. Rd1 Rba6 26. Rdd2 h5 27. Kd1
e6 28. Re2 Bd4 29. Bb2 Rxa2 30. Bxd4 Rxc2 31. Kxc2 cxd4 32. dxe6 fxe6 33. Kd3
Rb7 34. Kc4 d5+ 35. Kxd4 Rxb3 36. exd5 exd5 37. Kxd5 Kf7 38. f4 Kf6 39. Re6+
Kf5 40. Re5+ Kf6 41. Ke4 Rb2 42. h4 Rb3 43. Rg5 Ra3 44. f5 Ra4+ 45. Kf3 Ra3+
46. Kg2 Ra2+ 47. Kh3 gxf5 48. Rxh5 Ra3 1/2-1/2